| 000 | 01022mam a2200301 i 4500 | ||
|---|---|---|---|
| 001 | 3020123 | ||
| 003 | ARRUPE | ||
| 005 | 20150713114553.0 | ||
| 008 | 010406t20002000be a b 001 0 engod | ||
| 020 | _a9058670635 (pbk.) | ||
| 035 | _a(OCoLC)ocm46692704 | ||
| 035 | _a(NNC)3020123 | ||
| 040 |
_aOHX _bger _cOHX _dCLU |
||
| 050 |
_aQD6 _b.B73 2000 |
||
| 072 | 7 |
_aQD _2lcco |
|
| 072 | 7 |
_aQ _2lcco |
|
| 100 | 1 |
_aBrakel, J. van _q(Jaap) _917953 |
|
| 245 | 1 | 0 |
_aPhilosophy of chemistry : _bbetween the manifest and the scientific image _cJ. van Brakel. |
| 260 |
_aLeuven : _bLeuven University Press, _c2000, c2000. |
||
| 300 |
_axiv, 246 p. : _bill. ; _c24 cm. |
||
| 490 | 1 |
_aLouvain philosophical studies ; _v15 |
|
| 500 | _aCollection of texts partly published previously. | ||
| 504 | _aIncludes bibliographical references (p. [203]-233) and indexes (p. [235]-246. | ||
| 650 | 0 |
_aChemistry _xPhilosophy. _917954 |
|
| 830 | 0 |
_aLouvain philosophical studies ; _v15. _917955 |
|
| 942 |
_2lcc _cMONOGRAPH |
||
| 999 |
_c122872 _d122872 |
||